Statistics for Geographic Groups of Four #1

Click here to take the quiz!

General Stats

  • This quiz has been taken 79,127 times
    (32,014 since last reset)
  • The average score is 33 of 48

Answer Stats

Answer % Correct
Countries of the UKEngland
98%
Countries of the UKScotland
98%
Countries of the UKWales
97%
Countries where Italian is an official languageItaly
95%
U.S. states that border MexicoTexas
95%
Countries of the UKNorthern Ireland
94%
European countries starting with LLatvia
92%
European countries starting with LLithuania
92%
U.S. states that border MexicoNew Mexico
91%
Longest rivers in AfricaNile
91%
Cities considered to be "fashion capitals"Paris
91%
U.S. states that border MexicoCalifornia
89%
European countries starting with LLuxembourg
89%
Most populous Nordic citiesOslo
88%
Most populous U.S. cities starting with "San"San Francisco
88%
Official languages of SingaporeEnglish
87%
European countries starting with LLiechtenstein
86%
Official languages of SingaporeMandarin
85%
Cities considered to be "fashion capitals"New York City
84%
U.S. states that border MexicoArizona
83%
Most populous Nordic citiesStockholm
83%
Cities considered to be "fashion capitals"London
81%
Cities considered to be "fashion capitals"Milan
80%
Most populous Nordic citiesHelsinki
79%
Four letter countries of AsiaLaos
78%
Countries where Italian is an official languageVatican City
77%
Most populous Nordic citiesCopenhagen
75%
Most populous U.S. cities starting with "San"San Diego
75%
Countries where Italian is an official languageSan Marino
73%
Four letter countries of AsiaIraq
71%
Four letter countries of AsiaIran
71%
Countries where Italian is an official languageSwitzerland
66%
Four letter countries of AsiaOman
65%
Most populous U.S. cities starting with "San"San Jose
56%
Most populous U.S. cities starting with "San"San Antonio
56%
Official languages of SingaporeMalay
55%
Major islands of JapanHonshu
52%
Longest rivers in AfricaCongo
50%
Major islands of JapanHokkaido
48%
Longest rivers in AfricaNiger
33%
Quarters of Old JerusalemJewish
33%
Quarters of Old JerusalemChristian
31%
Quarters of Old JerusalemMuslim
31%
Longest rivers in AfricaZambezi
29%
Major islands of JapanKyushu
25%
Official languages of SingaporeTamil
20%
Major islands of JapanShikoku
18%
Quarters of Old JerusalemArmenian
16%

Score Distribution

Percentile by Number Answered

Percent of People with Each Score

Your Score History

You have not taken this quiz since the last reset